Nenne alle 493 Pokemon bis zur vierten Generation - Statistiken

Allgemein
  • Dieses Quiz wurde 364 mal gespielt
  • Das Durchschnittsergebnis liegt bei 240 aus 493
Antwortstatistiken
Nummer Name % Korrekt
001 Bisasam
96%
004 Glumanda
95%
003 Bisaflor
94%
002 Bisaknosp
94%
006 Glurak
94%
005 Glutexo
94%
007 Schiggy
94%
009 Turtok
94%
008 Schillok
90%
025 Pikachu
89%
151 Mew
87%
026 Raichu
87%
010 Raupy
84%
017 Tauboga
84%
018 Tauboss
84%
016 Taubsi
84%
144 Arktos
82%
146 Lavados
82%
150 Mewtu
82%
012 Smettbo
82%
015 Bibor
81%
013 Hornliu
81%
011 Safcon
81%
145 Zapdos
81%
152 Endivie
80%
130 Garados
80%
147 Dratini
79%
129 Karpador
79%
014 Kokuna
79%
134 Aquana
78%
149 Dragoran
78%
133 Evoli
78%
136 Flamara
78%
094 Gengar
77%
019 Rattfratz
77%
020 Rattikarl
77%
148 Dragonir
76%
068 Machomei
76%
063 Abra
75%
135 Blitza
75%
076 Geowaz
75%
074 Kleinstein
75%
066 Machollo
75%
092 Nebulak
75%
093 Alpollo
74%
042 Golbat
74%
021 Habitak
74%
064 Kadabra
74%
126 Magmar
74%
067 Maschock
74%
143 Relaxo
74%
065 Simsala
74%
075 Georok
73%
022 Ibitak
73%
158 Karnimani
73%
041 Zubat
73%
125 Elektek
72%
155 Feurigel
72%
095 Onix
72%
036 Pixi
72%
123 Sichlor
72%
153 Lorblatt
71%
172 Pichu
71%
160 Impergator
70%
082 Magneton
70%
197 Nachtara
70%
034 Nidoking
70%
031 Nidoqueen
70%
033 Nidorino
70%
035 Piepi
70%
024 Arbok
69%
250 Ho-Oh
69%
069 Knofensa
69%
249 Lugia
69%
240 Magby
69%
081 Magnetilo
69%
030 Nidorina
69%
023 Rettan
69%
032 Nidoran (m)
68%
039 Pummeluff
68%
124 Rossana
68%
157 Tornupto
68%
113 Chaneira
67%
239 Elekid
67%
484 Palkia
67%
122 Pantimos
67%
028 Sandamer
67%
027 Sandan
67%
128 Tauros
67%
037 Vulpix
67%
059 Arkani
66%
483 Dialga
66%
058 Fukano
66%
156 Igelavar
66%
140 Kabuto
66%
040 Knuddeluff
66%
196 Psiana
66%
142 Aerodactyl
65%
251 Celebi
65%
244 Entei
65%
141 Kabutops
65%
106 Kicklee
65%
052 Mauzi
65%
062 Quappo
65%
159 Tyracroc
65%
070 Ultrigaria
65%
038 Vulnona
65%
050 Digda
64%
054 Enton
64%
255 Flemmli
64%
470 Folipurba
64%
257 Lohgock
64%
127 Pinsir
64%
393 Plinfa
64%
060 Quapsel
64%
061 Quaputzi
64%
071 Sarzenia
64%
053 Snobilikat
64%
245 Suicune
64%
138 Amonitas
63%
139 Amoroso
63%
051 Digdri
63%
466 Elevoltek
63%
107 Nockchan
63%
212 Scherox
63%
117 Seemon
63%
116 Seeper
63%
387 Chelast
62%
132 Ditto
62%
044 Duflor
62%
055 Entoron
62%
254 Gewaldro
62%
045 Giflor
62%
471 Glaziola
62%
169 Iksbat
62%
131 Lapras
62%
043 Myrapla
62%
390 Panflam
62%
077 Ponita
62%
137 Porygon
62%
243 Raikou
62%
088 Sleima
62%
089 Sleimok
62%
078 Gallopa
61%
118 Goldini
61%
383 Groudon
61%
258 Hydropi
61%
208 Stahlos
61%
120 Sterndu
61%
091 Austos
60%
119 Golking
60%
395 Impoleon
60%
087 Jugong
60%
382 Kyogre
60%
467 Magbrant
60%
029 Nidoran (w)
60%
173 Pii
60%
110 Smogmog
60%
121 Starmie
60%
260 Sumpex
60%
073 Tentoxa
60%
086 Jurob
59%
103 Kokowei
59%
080 Lahmus
59%
101 Lektrobal
59%
090 Muschas
59%
102 Owei
59%
392 Panferno
59%
253 Reptain
59%
109 Smogon
59%
072 Tentacha
59%
048 Bluzuk
58%
252 Geckarbor
58%
487 Giratina
58%
097 Hypno
58%
256 Jungglut
58%
115 Kangama
58%
049 Omot
58%
114 Tangela
58%
100 Voltobal
58%
079 Flegmon
57%
391 Panpyro
57%
384 Rayquaza
57%
111 Rihorn
57%
096 Traumato
57%
493 Arceus
56%
085 Dodri
56%
084 Dodu
56%
163 Hoothoot
56%
462 Magnezone
56%
112 Rizeros
56%
108 Schlurp
56%
248 Despotar
55%
242 Heiteira
55%
229 Hundemon
55%
056 Menki
55%
057 Rasaff
55%
230 Seedraking
55%
174 Fluffeluff
53%
099 Kingler
53%
098 Krabby
53%
246 Larvitar
53%
394 Pliprin
53%
378 Regice
53%
377 Regirock
53%
398 Staraptor
53%
373 Brutalanda
52%
389 Chelterrar
52%
228 Hunduster
52%
199 Laschoking
52%
083 Porenta
52%
379 Registeel
52%
200 Traunfugil
52%
491 Darkrai
51%
237 Kapoera
51%
046 Paras
51%
236 Rabauz
51%
181 Ampharos
50%
386 Deoxys
50%
385 Jirachi
50%
164 Noctuh
50%
047 Parasek
50%
233 Porygon2
50%
247 Pupitar
50%
186 Quaxo
50%
396 Staralili
50%
397 Staravia
50%
175 Togepi
50%
280 Trasla
50%
105 Knogga
49%
238 Kussila
49%
481 Vesprit
49%
488 Cresselia
48%
372 Draschel
48%
490 Manaphy
48%
259 Moorabbel
48%
480 Selfe
48%
215 Sniebel
48%
482 Tobutz
48%
176 Togetic
48%
104 Tragosso
48%
179 Voltilamm
48%
265 Waumpel
48%
162 Wiesenior
48%
161 Wiesor
48%
371 Kindwurm
47%
381 Latios
47%
446 Mampfaxo
47%
474 Porygon-Z
47%
277 Schwalboss
47%
492 Shaymin
47%
180 Waaty
47%
282 Guardevoir
46%
380 Latias
46%
185 Mogelbaum
46%
267 Papinella
46%
489 Phione
46%
182 Blubella
45%
388 Chelcarain
45%
261 Fiffyen
45%
485 Heatran
45%
443 Kaumalat
45%
281 Kirlia
45%
405 Luxtra
45%
376 Metagross
45%
439 Pantimimi
45%
269 Pudox
45%
486 Regigigas
45%
276 Schwalbini
45%
374 Tanhel
45%
429 Traunmagil
45%
202 Woingenau
45%
201 Icognito
44%
221 Keifel
44%
406 Knospi
44%
198 Kramurx
44%
241 Miltank
44%
468 Togekiss
44%
168 Ariados
43%
400 Bidifas
43%
475 Galagladi
43%
445 Knakrack
43%
404 Luxio
43%
262 Magnayen
43%
375 Metang
43%
407 Roserade
43%
266 Schaloko
43%
167 Webarak
43%
263 Zigzachs
43%
399 Bidiza
42%
268 Panekon
42%
220 Quiekel
42%
464 Rihornior
42%
315 Roselia
42%
403 Sheinux
42%
214 Skaraborn
42%
465 Tangoloss
42%
193 Yanma
42%
349 Barschwa
41%
264 Geradaks
41%
170 Lampi
41%
430 Kramshef
40%
473 Mamutel
40%
350 Milotic
40%
227 Panzaeron
40%
207 Skorgla
40%
440 Woneira
40%
444 Knarksel
39%
171 Lanturn
39%
448 Lucario
39%
463 Schlurplek
39%
184 Azumarill
38%
478 Frosdedje
38%
408 Koknodon
38%
165 Ledyba
38%
270 Loturzel
38%
183 Marill
38%
438 Mobai
38%
447 Riolu
38%
363 Seemops
38%
166 Ledian
37%
177 Natu
37%
409 Rameidon
37%
194 Felino
36%
360 Isso
36%
272 Kappalores
36%
289 Letarking
36%
330 Libelldra
36%
226 Mantax
36%
195 Morlord
36%
361 Schneppke
36%
472 Skorgro
36%
336 Vipitis
36%
178 Xatu
36%
469 Yanmega
36%
477 Zwirrfinst
36%
418 Bamelin
35%
419 Bojelin
35%
287 Bummelz
35%
362 Firnontor
35%
190 Griffel
35%
442 Kryppuk
35%
479 Rotom
35%
273 Samurzel
35%
192 Sonnflora
35%
306 Stollos
35%
304 Stollunior
35%
275 Tengulist
35%
365 Walraisa
35%
355 Zwirrlicht
35%
222 Corasonn
34%
328 Knacklio
34%
219 Magcargo
34%
299 Nasgnet
34%
460 Rexblisar
34%
218 Schneckmag
34%
335 Sengo
34%
191 Sonnkern
34%
348 Armaldo
33%
274 Blanas
33%
411 Bolterus
33%
206 Dummisel
33%
293 Flurmel
33%
203 Girafarig
33%
295 Krawumms
33%
312 Minun
33%
288 Muntier
33%
311 Plusle
33%
305 Stollrak
33%
217 Ursaring
33%
346 Wielie
33%
302 Zobiris
33%
425 Driftlon
32%
187 Hoppspross
32%
271 Lombrero
32%
224 Octillery
32%
358 Palimpalim
32%
364 Seejong
32%
329 Vibrava
32%
278 Wingull
32%
334 Altaria
31%
347 Anorith
31%
298 Azurill
31%
188 Hubelupf
31%
433 Klingplim
31%
345 Liliep
31%
307 Meditie
31%
189 Papungha
31%
366 Perlu
31%
223 Remoraid
31%
410 Schilterus
31%
459 Shnebedeck
31%
216 Teddiursa
31%
310 Voltenso
31%
402 Zirpeise
31%
211 Baldorfish
30%
225 Botogel
30%
234 Damhirplex
30%
294 Krakeelo
30%
308 Meditalis
30%
279 Pelipper
30%
231 Phanpy
30%
204 Tanza
30%
333 Wablu
30%
321 Wailord
30%
356 Zwirrklopp
30%
367 Aalabyss
29%
424 Ambidiffel
29%
412 Burmy
29%
427 Haspiror
29%
458 Mantirps
29%
338 Sonnfel
29%
415 Wadribie
29%
359 Absol
28%
322 Camaub
28%
323 Camerupt
28%
303 Flunkifer
28%
205 Forstelka
28%
297 Hariyama
28%
416 Honweisel
28%
417 Pachirisu
28%
324 Qurtel
28%
368 Saganabyss
28%
357 Tropius
28%
455 Venuflibis
28%
476 Voluminas
28%
401 Zirpurze
28%
436 Bronzel
27%
235 Farbeagle
27%
337 Lunastein
27%
296 Makuhita
27%
369 Relicanth
27%
339 Schmerbe
27%
354 Banette
26%
437 Bronzong
26%
413 Burmadame
26%
210 Granbull
26%
286 Kapilz
26%
284 Maskeregen
26%
332 Noktuska
26%
428 Schlapor
26%
319 Tohaido
26%
331 Tuska
26%
340 Welsar
26%
431 Charmian
25%
232 Donphan
25%
426 Drifzepeli
25%
309 Frizelbliz
25%
283 Gehweiher
25%
421 Kinoso
25%
285 Knilz
25%
441 Plaudagei
25%
213 Pottrott
25%
353 Shuppet
25%
209 Snubbull
25%
453 Glibunkel
24%
352 Kecleon
24%
341 Krebscorps
24%
432 Shnurgarst
24%
434 Skunkapuh
24%
435 Skuntank
24%
456 Finneon
23%
420 Kikugi
23%
342 Krebutack
23%
291 Ninjask
23%
327 Pandir
23%
454 Toxiquak
23%
300 Eneco
22%
301 Enekoro
22%
318 Kanivanha
22%
154 Megane
22%
290 Nincada
22%
452 Piondragi
22%
351 Formeo
21%
423 Gastrodon
21%
457 Lumineon
21%
414 Moterpel
21%
292 Ninjatom
21%
451 Pionskora
21%
325 Spoink
21%
326 Groink
20%
314 Illumise
20%
344 Lepumentas
20%
422 Schalellos
20%
449 Hippopotas
19%
313 Volbeat
19%
450 Hippoterus
18%
370 Liebiskus
18%
343 Puppance
18%
316 Schluppuck
18%
317 Schluckwech
17%
461 Snibbuna
9%
320 Waimler
4%
Keine übereinstimmenden Quizze gefunden
Verteilung der Resultate
Anzahl Personen mit jedem Resultat
Perzentil nach korrekt beantworteten Fragen
Ihre Resultats-Entwicklung
Sie haben dieses Quiz noch nicht gespielt